000
00285nam a2200109Ia 4500
008
200302s9999 xx 000 0 und d
100
_a
Pritchard
245
_a
Environment Risk Management
260
_b
Earthscan Publications Ltd, London and Sterling, VA
260
_c
2000
300
_a
112
999
_c
4672
_d
4672